| 000 | 00426 a2200145 4500 | ||
|---|---|---|---|
| 082 | _a 954.91092 | ||
| 090 |
_c1253 _d1253 |
||
| 100 | _a Zahid Malik | ||
| 245 |
_aDr.A.Q.khan and the islamic bomb _cZahid Malik |
||
| 260 |
_aIslamabad: _bHurmat Publication (Pvt) Ltd., _c1992. |
||
| 300 |
_aiv, 353 p. _b : ill. ; _c24 cm |
||
| 500 | _aDr.A.Q.khan and the islamic bomb | ||
| 650 | _a Nuclear weapons. | ||
| 942 |
_cBK _k954.91092 ZAH |
||
| 999 |
_c5211 _d5211 |
||